| 000 | 00677nam a2200181 4500 | ||
|---|---|---|---|
| 999 |
_c16015 _d16015 |
||
| 008 | 210204b ||||| |||| 00| 0 eng d | ||
| 022 | _a0732-8435 | ||
| 082 | _aDPer 657.05 C33 Feb - Aug 2012, v. 82 | ||
| 100 |
_aDorminey, Jack W. _942943 |
||
| 245 |
_aFinancial fraud: _ba new perspective on an old problem/ _cJack W. Dorminey and four others. |
||
| 260 |
_aNew York: _bThe New York State Society of CPA, _c©2012. |
||
| 300 |
_av82 n6, pages 61-65: _bcolor illustration; _c28 cm. |
||
| 650 |
_aFraud _xFinance. _942944 |
||
| 700 |
_aFleming, A. S. _eAuthor. _942945 |
||
| 700 |
_aKranacher, M. _eAuthor. _942946 |
||
| 700 |
_aRiley, R. A. _eAuthor. _942947 |
||
| 942 |
_2ddc _cPER |
||